| 000 | 00429nam a22001577a 4500 | ||
|---|---|---|---|
| 003 | macl | ||
| 005 | 20190430131844.0 | ||
| 008 | 190430b xxu||||| |||| 00| 0 eng d | ||
| 040 | _cmacl | ||
| 082 | _a891.431/MIS/P | ||
| 100 |
_aयतीन्द्र मिश्र _974644 |
||
| 245 | _aविभास | ||
| 260 |
_aदिल्ली _bवाक _c2015 |
||
| 650 |
_aकविता _974645 |
||
| 942 |
_2ddc _cHIN |
||
| 999 |
_c59606 _d59606 |
||